Statistics for Stephen Curry Trivia

Click here to take the quiz!

General Stats

  • This quiz has been taken 68 times
  • The average score is 12 of 15

Answer Stats

Hint Answer % Correct
Team he made the 73-9 recordGolden State Warriors
95%
New team-mate after that from the ThunderKevin Durant
95%
Coach of this teamSteve Kerr
95%
Number he wear for his team30
93%
FatherDell Curry
93%
Splash brothers are Curry and ____'s nicknameKlay Thompson
88%
Year of birth1988
87%
College he played forDavidson Wildcats
85%
Year of unanimous MVP2016
82%
Born in the same city as another incredible player who isLeBron James
78%
True first nameWardell
78%
Record of 3-Pts made in a single game13
77%
Curry's first year of All-Star Captain2018
75%
Former Most 3-Pts in one season leader he beat in 2013Ray Allen
57%
No 1 of Steph Curry's draftBlake Griffin
45%

Score Distribution

Percentile by Number Answered

Percent of People with Each Score

Your Score History

You have not taken this quiz